MARC details
| 000 -LEADER |
| fixed length control field |
01856cam a2200433 i 4500 |
| 001 - CONTROL NUMBER |
| control field |
1808428 |
| 003 - CONTROL NUMBER IDENTIFIER |
| control field |
OSt |
| 005 - DATE AND TIME OF LATEST TRANSACTION |
| control field |
20260430073304.0 |
| 008 - FIXED-LENGTH DATA ELEMENTS--GENERAL INFORMATION |
| fixed length control field |
790426s1980 ilu b 101 0 eng |
| 010 ## - LIBRARY OF CONGRESS CONTROL NUMBER |
| LC control number |
79012569 |
| 020 ## - INTERNATIONAL STANDARD BOOK NUMBER |
| International Standard Book Number |
0226180271 |
| 020 ## - INTERNATIONAL STANDARD BOOK NUMBER |
| International Standard Book Number |
9780226180267 |
| 035 ## - SYSTEM CONTROL NUMBER |
| System control number |
1808428 |
| 040 ## - CATALOGING SOURCE |
| Original cataloging agency |
DLC |
| Transcribing agency |
IRDP |
| Modifying agency |
DLC |
| 043 ## - GEOGRAPHIC AREA CODE |
| Geographic area code |
d------ |
| 050 00 - LIBRARY OF CONGRESS CALL NUMBER |
| Classification number |
HB849 |
| Item number |
.C59 1976 |
| 082 00 - DEWEY DECIMAL CLASSIFICATION NUMBER |
| Classification number |
304.66 POP |
| 100 ## - MAIN ENTRY--PERSONAL NAME |
| Personal name |
EDITED BY EASTERLIN RICHARD A. |
| 111 2# - MAIN ENTRY--MEETING NAME |
| Meeting name or jurisdiction name as entry element |
Conference on Population and Economic Change in Less Developed Countries |
| Date of meeting |
(1976 : |
| Location of meeting |
Philadelphia, Pa.) |
| 245 10 - TITLE STATEMENT |
| Title |
POPULATION AND ECONOMIC CHANGE IN DEVELOPING COUNTRIES |
| Statement of responsibility, etc. |
EDITED BY RICHARD A. EASTERLIN |
| 260 ## - PUBLICATION, DISTRIBUTION, ETC. (IMPRINT) |
| Place of publication, distribution, etc. |
CHICAGO |
| Name of publisher, distributor, etc. |
THE UNIVERSITY OF CHICAGO PRESS |
| Date of publication, distribution, etc. |
1980. |
| 300 ## - PHYSICAL DESCRIPTION |
| Extent |
x, 581 p. ; |
| Dimensions |
24 cm. |
| 336 ## - CONTENT TYPE |
| Content type term |
text |
| Content type code |
txt |
| Source |
rdacontent |
| 337 ## - MEDIA TYPE |
| Media type term |
unmediated |
| Media type code |
n |
| Source |
rdamedia |
| 338 ## - CARRIER TYPE |
| Carrier type term |
volume |
| Carrier type code |
nc |
| Source |
rdacarrier |
| 490 1# - SERIES STATEMENT |
| Series statement |
A Conference report, Universities-National Bureau Committee for Economic Research ; |
| Volume/sequential designation |
no. 30 |
| 500 ## - GENERAL NOTE |
| General note |
Sponsored by the Universities-National Bureau Committee for Economic Research. |
| 504 ## - BIBLIOGRAPHY, ETC. NOTE |
| Bibliography, etc |
Includes bibliographies and indexes. |
| 650 #0 - SUBJECT ADDED ENTRY--TOPICAL TERM |
| Topical term or geographic name as entry element |
Population |
| General subdivision |
Economic aspects |
| -- |
Congresses. |
| 651 #0 - SUBJECT ADDED ENTRY--GEOGRAPHIC NAME |
| Geographic name |
Developing countries |
| General subdivision |
Population |
| -- |
Congresses. |
| 700 1# - ADDED ENTRY--PERSONAL NAME |
| Personal name |
Easterlin, Richard A., |
| Dates associated with a name |
1926- |
| 710 2# - ADDED ENTRY--CORPORATE NAME |
| Corporate name or jurisdiction name as entry element |
Universities-National Bureau Committee for Economic Research. |
| 830 #0 - SERIES ADDED ENTRY--UNIFORM TITLE |
| Uniform title |
Conference report (Universities--National Bureau Committee for Economic Research) ; |
| Volume number/sequential designation |
no. 30. |
| 856 42 - ELECTRONIC LOCATION AND ACCESS |
| Materials specified |
Publisher description |
| Uniform Resource Identifier |
<a href="http://www.loc.gov/catdir/enhancements/fy1605/79012569-d.html">http://www.loc.gov/catdir/enhancements/fy1605/79012569-d.html</a> |
| 856 41 - ELECTRONIC LOCATION AND ACCESS |
| Materials specified |
Table of contents only |
| Uniform Resource Identifier |
<a href="http://www.loc.gov/catdir/enhancements/fy1605/79012569-t.html">http://www.loc.gov/catdir/enhancements/fy1605/79012569-t.html</a> |
| 906 ## - LOCAL DATA ELEMENT F, LDF (RLIN) |
| a |
7 |
| b |
cbc |
| c |
orignew |
| d |
1 |
| e |
ocip |
| f |
19 |
| g |
y-gencatlg |
| 942 ## - ADDED ENTRY ELEMENTS (KOHA) |
| Source of classification or shelving scheme |
Dewey Decimal Classification |
| Koha item type |
BOOKS |